[Event "SLO-chT1 West"]
[Site "Ljubljana"]
[Date "2014.10.12"]
[Round "6"]
[White "Zupec, Jan"]
[Black "Engelman, Tomaz"]
[Result "1-0"]
[WhiteElo "1995"]
[BlackElo "1865"]
[PlyCount "59"]
[EventDate "2014.10.03"]
[EventType "team-tourn"]
[EventRounds "9"]
[EventCountry "SLO"]
[SourceTitle "EXT 2019"]
[Source "ChessBase"]
[SourceDate "2018.10.10"]
[SourceVersion "1"]
[SourceVersionDate "2018.10.10"]
[SourceQuality "1"]
[WhiteTeam "Ig"]
[BlackTeam "Stari Mayr Kranj"]
[WhiteTeamCountry "SLO"]
[BlackTeamCountry "SLO"]

1. d4 d5 2. Bf4 Nf6 3. e3 e6 4. Nf3 Bd6 5. Bg5 c6 6. c3 Nbd7 7. Bd3 Qc7 8. Qc2 h6 9. Bh4 e5 10. dxe5 Nxe5 11. Bxf6 Nxd3+ 12. Qxd3 gxf6 13. Nbd2 Bg4 14. h3 Be6 15. 0-0-0 0-0-0 16. Qd4 Qa5 17. Qxf6 Qxa2 18. Nb1 Rhg8 19. Nd4 Rg6 20. Qf3 Rdg8 21. g4 a5 22. Nf5 Kc7 23. Nxd6 Kxd6 24. Rd4 Kc7 25. Qf4+ Kb6 26. Kc2 Kb5 27. c4+ dxc4 28. Nc3+ Ka6 29. Nb1 Kb5 30. Nc3+ 1-0

[Event "SLO-chT1 West"]
[Site "Ljubljana"]
[Date "2014.10.10"]
[Round "4"]
[White "Zupec, Jan"]
[Black "Vidic, Miha"]
[Result "1/2-1/2"]
[WhiteElo "1995"]
[BlackElo "2108"]
[PlyCount "75"]
[EventDate "2014.10.03"]
[EventType "team-tourn"]
[EventRounds "9"]
[EventCountry "SLO"]
[SourceTitle "EXT 2019"]
[Source "ChessBase"]
[SourceDate "2018.10.10"]
[SourceVersion "1"]
[SourceVersionDate "2018.10.10"]
[SourceQuality "1"]
[WhiteTeam "Ig"]
[BlackTeam "Piran"]
[WhiteTeamCountry "SLO"]
[BlackTeamCountry "SLO"]

1. d4 d5 2. Bf4 c5 3. Nc3 Nc6 4. e3 a6 5. Nf3 Bg4 6. Be2 e6 7. Ne5 Bxe2 8. Nxe2 Bd6 9. Nxc6 bxc6 10. c3 Nf6 11. Qa4 Qd7 12. 0-0 0-0 13. Rfc1 c4 14. b3 cxb3 15. axb3 Rfb8 16. b4 Ne4 17. Qc2 Qd8 18. Ra5 Rb6 19. Rca1 Bxf4 20. Nxf4 Nd6 21. Nd3 Nc4 22. R5a2 a5 23. bxa5 Rba6 24. Nb4 Rxa5 25. Nxc6 Rxa2 26. Rxa2 Qe8 27. Nb4 Nd6 28. Rxa8 Qxa8 29. Qa2 Qc8 30. Qb3 h6 31. f3 Qa8 32. Nc2 Qa6 33. Kf2 Qd3 34. Qb8+ Kh7 35. Qxd6 Qxc2+ 36. Kg3 Qg6+ 37. Kf2 Qc2+ 38. Kg3 1/2-1/2

[Event "SLO-chT2 West"]
[Site "Ljubljana"]
[Date "2013.11.10"]
[Round "4.4"]
[White "Zupec, Jan"]
[Black "Kralj, Samo"]
[Result "1/2-1/2"]
[WhiteElo "1985"]
[BlackElo "1938"]
[PlyCount "56"]
[EventDate "2013.11.08"]
[EventType "team"]
[EventRounds "9"]
[EventCountry "SLO"]
[SourceTitle "EXT 2015"]
[Source "ChessBase"]
[SourceDate "2014.11.20"]
[SourceVersion "1"]
[SourceVersionDate "2014.11.20"]
[SourceQuality "1"]
[WhiteTeam "Ig"]
[BlackTeam "Komenda Popotnik"]
[WhiteTeamCountry "SLO"]
[BlackTeamCountry "SLO"]

1. d4 Nf6 2. c4 g6 3. Nc3 Bg7 4. e4 d6 5. Bd3 0-0 6. Nge2 e5 7. d5 a5 8. f3 Na6 9. Be3 Nc5 10. Kd2 Nh5 11. g4 Nf4 12. Nxf4 exf4 13. Bxf4 f5 14. exf5 gxf5 15. g5 Be5 16. Bxe5 dxe5 17. f4 Ne4+ 18. Bxe4 fxe4 19. Nxe4 Rxf4 20. Nf6+ Kh8 21. Qe2 Qd6 22. a3 Bf5 23. Rhf1 Rd4+ 24. Ke1 Bd3 25. Qh5 Rxc4 26. Rf3 Bg6 27. Qxg6 hxg6 28. Rh3+ Kg7 1/2-1/2

[Event "SLO-chT Central Superliga 14th"]
[Site "Slovenia"]
[Date "2013.09.19"]
[Round "1.3"]
[White "Zupec, Jan"]
[Black "Matijevic, Filip"]
[Result "1-0"]
[WhiteElo "1985"]
[BlackElo "2136"]
[PlyCount "111"]
[EventDate "2013.09.19"]
[EventType "team-tourn"]
[EventRounds "9"]
[EventCountry "SLO"]
[SourceTitle "EXT 2022"]
[Source "ChessBase"]
[SourceDate "2021.10.06"]
[SourceVersion "1"]
[SourceVersionDate "2021.10.06"]
[SourceQuality "1"]
[WhiteTeam "Ig"]
[BlackTeam "Srecko Kosovel"]
[WhiteTeamCountry "SLO"]
[BlackTeamCountry "SLO"]

1. d4 Nf6 2. c4 g6 3. Nc3 d5 4. cxd5 Nxd5 5. e4 Nxc3 6. bxc3 Bg7 7. Bc4 c5 8. Ne2 0-0 9. 0-0 Nc6 10. Be3 Na5 11. Bd3 b6 12. dxc5 bxc5 13. Bxc5 Qc7 14. Bd4 e5 15. Be3 Be6 16. Qc2 Rab8 17. Rab1 Nc4 18. Rxb8 Rxb8 19. Bc1 Qa5 20. f4 Nb2 21. fxe5 Nxd3 22. Qxd3 Rd8 23. Qf3 Bxe5 24. Be3 Qxa2 25. Nd4 Bc4 26. Re1 Qa6 27. Qf2 Qd6 28. g3 a6 29. Rd1 Qa3 30. Qc2 Bg7 31. Bg5 f6 32. Bc1 Qa2 33. Qxa2 Bxa2 34. Bf4 Rb8 35. Nc6 g5 36. Be3 Bc4 37. Bc5 Bb5 38. Ne7+ Kf7 39. Nf5 Bf8 40. Bxf8 Kxf8 41. Rd4 Rc8 42. Rd6 Kf7 43. Nh6+ Kg6 44. Ng4 Rxc3 45. Nxf6 Rc6 46. Ne8+ Rxd6 47. Nxd6 Kf6 48. Kf2 Ke5 49. Nf7+ Kxe4 50. Nxg5+ Kd3 51. Ke1 Ke3 52. Nxh7 Be2 53. Nf6 Bf3 54. Nd7 a5 55. Nb6 Bg4 56. Nc4+ 1-0

[Event "SLO-chT Central Superliga 12th"]
[Site "Slovenia"]
[Date "2011.09.08"]
[Round "1.4"]
[White "Leonardi, Caterina"]
[Black "Zupec, Jan"]
[Result "0-1"]
[WhiteElo "1723"]
[BlackElo "1966"]
[PlyCount "82"]
[EventDate "2011.09.08"]
[EventType "team-tourn"]
[EventRounds "7"]
[EventCountry "SLO"]
[SourceTitle "EXT 2022"]
[Source "ChessBase"]
[SourceDate "2021.10.06"]
[SourceVersion "1"]
[SourceVersionDate "2021.10.06"]
[SourceQuality "1"]
[WhiteTeam "IBM"]
[BlackTeam "Ig"]
[WhiteTeamCountry "SLO"]
[BlackTeamCountry "SLO"]

1. d4 g6 2. c4 c5 3. Nf3 Bg7 4. Nc3 cxd4 5. Nxd4 Qb6 6. Ndb5 Nf6 7. e3 0-0 8. Nd5 Nxd5 9. cxd5 d6 10. Be2 Nd7 11. 0-0 f5 12. a4 a5 13. Rb1 Nc5 14. b3 Bd7 15. Bb2 Bxb5 16. Bxb5 Be5 17. Bd4 Rfc8 18. h4 Qd8 19. h5 Ne4 20. hxg6 hxg6 21. Bc4 Kf7 22. f3 Nf6 23. e4 f4 24. Kf2 Nd7 25. Rh1 Qg8 26. Qd2 g5 27. Rh5 Qg7 28. Bxe5 Nxe5 29. Rbh1 Rh8 30. Rxh8 Rxh8 31. Rxh8 Qxh8 32. Qxa5 g4 33. fxg4 Qh4+ 34. Kf1 Qh1+ 35. Kf2 Qh4+ 36. Kf1 Nxg4 37. Qb6 Ne3+ 38. Ke2 Qg4+ 39. Kd3 Qxg2 40. e5 Qc2+ 41. Kd4 Nf5# 0-1

[Event "SLO-chT Central Superliga 11th"]
[Site "Slovenia"]
[Date "2010.11.18"]
[Round "9.3"]
[White "Zupec, Jan"]
[Black "Coklin, Marko"]
[Result "0-1"]
[WhiteElo "1952"]
[BlackElo "2232"]
[PlyCount "52"]
[EventDate "2010.09.09"]
[EventType "team-tourn"]
[EventRounds "9"]
[EventCountry "SLO"]
[SourceTitle "EXT 2022"]
[Source "ChessBase"]
[SourceDate "2021.10.06"]
[SourceVersion "1"]
[SourceVersionDate "2021.10.06"]
[SourceQuality "1"]
[WhiteTeam "Ig"]
[BlackTeam "IBM"]
[WhiteTeamCountry "SLO"]
[BlackTeamCountry "SLO"]

1. g3 e5 2. c3 c5 3. d4 Nc6 4. dxe5 Nxe5 5. f4 Ng6 6. e4 d6 7. Bg2 Nf6 8. Ne2 Be7 9. 0-0 0-0 10. a4 Qc7 11. Na3 Be6 12. f5 Bd7 13. Bg5 Ne5 14. Nf4 Bc6 15. Bxf6 Bxf6 16. Nd5 Bxd5 17. Qxd5 a6 18. Rfd1 Rfd8 19. Nc2 Qb6 20. Rdb1 c4+ 21. Nd4 Rac8 22. a5 Qa7 23. b4 Nc6 24. b5 Nxd4 25. b6 Ne2+ 26. Kf2 Nxc3 0-1

[Event "SLO-chT Central Superliga 11th"]
[Site "Slovenia"]
[Date "2010.11.05"]
[Round "7.4"]
[White "Orehek, Spela"]
[Black "Zupec, Jan"]
[Result "1/2-1/2"]
[WhiteElo "1913"]
[BlackElo "1952"]
[PlyCount "42"]
[EventDate "2010.09.09"]
[EventType "team-tourn"]
[EventRounds "9"]
[EventCountry "SLO"]
[SourceTitle "EXT 2022"]
[Source "ChessBase"]
[SourceDate "2021.10.06"]
[SourceVersion "1"]
[SourceVersionDate "2021.10.06"]
[SourceQuality "1"]
[WhiteTeam "Domzale SD"]
[BlackTeam "Ig"]
[WhiteTeamCountry "SLO"]
[BlackTeamCountry "SLO"]

1. e4 g6 2. d4 c6 3. Bd3 d5 4. exd5 cxd5 5. c4 Bg7 6. Nf3 Bg4 7. h3 Bxf3 8. Qxf3 Nc6 9. Nc3 Nf6 10. Nxd5 Nxd5 11. Qxd5 Qxd5 12. cxd5 Nxd4 13. 0-0 Rd8 14. Be3 Rxd5 15. Bxd4 Bxd4 16. Bc4 Rc5 17. Rac1 0-0 18. Rfd1 e5 19. Rxd4 exd4 20. Bxf7+ Rxf7 21. Rxc5 Rd7 1/2-1/2

[Event "SLO-chT Central Superliga 11th"]
[Site "Slovenia"]
[Date "2010.10.14"]
[Round "5.2"]
[White "Zupec, Jan"]
[Black "Sotirov, Pavle"]
[Result "1-0"]
[WhiteElo "1952"]
[BlackElo "1824"]
[PlyCount "119"]
[EventDate "2010.09.09"]
[EventType "team-tourn"]
[EventRounds "9"]
[EventCountry "SLO"]
[SourceTitle "EXT 2022"]
[Source "ChessBase"]
[SourceDate "2021.10.06"]
[SourceVersion "1"]
[SourceVersionDate "2021.10.06"]
[SourceQuality "1"]
[WhiteTeam "Ig"]
[BlackTeam "Visnja Gora Sticna"]
[WhiteTeamCountry "SLO"]
[BlackTeamCountry "SLO"]

1. g3 g6 2. d4 d5 3. Bg2 Bg7 4. Nf3 Nf6 5. c4 c6 6. Nc3 0-0 7. cxd5 Nxd5 8. e4 Nxc3 9. bxc3 Bg4 10. Qb3 Qb6 11. Ba3 Re8 12. Qc4 Qa6 13. Qb3 Qd3 14. Ng1 Bh6 15. Bc1 Bxc1 16. Rxc1 Nd7 17. h3 Be6 18. Qb2 Nb6 19. Ne2 Qa6 20. Rc2 Bc4 21. Bf1 Bd3 22. Nc1 Bxf1 23. Rxf1 Nc4 24. Qb4 b6 25. Re2 e5 26. f4 exd4 27. cxd4 Rad8 28. Nb3 Nd6 29. e5 Nf5 30. Kf2 Qd3 31. Rg1 Nxd4 32. Nxd4 Qxd4+ 33. Qxd4 Rxd4 34. Rge1 Red8 35. Kf3 Rd3+ 36. Re3 c5 37. g4 c4 38. a4 a6 39. Rb1 Rxe3+ 40. Kxe3 Rd3+ 41. Ke4 Rb3 42. Rxb3 cxb3 43. Kd3 b5 44. axb5 axb5 45. Kc3 Kf8 46. Kxb3 Ke7 47. f5 Kd7 48. h4 Kc6 49. e6 Kd6 50. exf7 Ke7 51. f6+ Kxf7 52. g5 h6 53. Kb4 h5 54. Kxb5 Ke6 55. Kc6 Kf7 56. Kd6 Ke8 57. Ke6 Kf8 58. f7 Kg7 59. Ke7 Kh7 60. Ke8 1-0

[Event "Ljubljana-chT 63rd Superliga"]
[Site "Ljubljana"]
[Date "2010.02.11"]
[Round "5.2"]
[White "Vavpetic, Vide"]
[Black "Zupec, Jan"]
[Result "1-0"]
[WhiteElo "2224"]
[BlackElo "1965"]
[PlyCount "95"]
[EventDate "2010.01.07"]
[EventType "team-tourn"]
[EventRounds "9"]
[EventCountry "SLO"]
[SourceTitle "EXT 2022"]
[Source "ChessBase"]
[SourceDate "2021.10.06"]
[SourceVersion "1"]
[SourceVersionDate "2021.10.06"]
[SourceQuality "1"]
[WhiteTeam "Domzale SD"]
[BlackTeam "Ig"]
[WhiteTeamCountry "SLO"]
[BlackTeamCountry "SLO"]

1. e4 g6 2. d4 c6 3. h4 h5 4. Bd3 d5 5. e5 Bh6 6. Bg5 Qb6 7. Nf3 Bg4 8. Nbd2 Nd7 9. 0-0 Bxg5 10. hxg5 c5 11. c4 cxd4 12. Re1 Nc5 13. cxd5 Nxd3 14. Nc4 Qc5 15. Qxd3 Bxf3 16. Qxf3 Qxc4 17. Rac1 Qb4 18. d6 Rd8 19. e6 fxe6 20. d7+ Kxd7 21. Qf7 Qd6 22. Qg7 Nf6 23. gxf6 Rhg8 24. Qh7 d3 25. Rcd1 Kc8 26. f7 Rgf8 27. Qxg6 e5 28. Qf5+ Kb8 29. Qxe5 Rxf7 30. Rxd3 Qxe5 31. Rxd8+ Kc7 32. Rxe5 Kxd8 33. Rxh5 Kd7 34. f3 Kd6 35. Kf2 e5 36. Ke3 b5 37. g4 Rf4 38. Rh6+ Kd5 39. Ra6 Rf7 40. g5 Rc7 41. g6 Re7 42. f4 exf4+ 43. Kxf4 b4 44. b3 Kc5 45. Kf5 Kb5 46. Re6 Rd7 47. Kf6 Rd2 48. Re5+ 1-0

[Event "Ljubljana-chT 63rd Superliga"]
[Site "Ljubljana"]
[Date "2010.01.29"]
[Round "4.2"]
[White "Zupec, Jan"]
[Black "Sirnik, Bostjan"]
[Result "0-1"]
[WhiteElo "1965"]
[BlackElo "2221"]
[PlyCount "66"]
[EventDate "2010.01.07"]
[EventType "team-tourn"]
[EventRounds "9"]
[EventCountry "SLO"]
[SourceTitle "EXT 2022"]
[Source "ChessBase"]
[SourceDate "2021.10.06"]
[SourceVersion "1"]
[SourceVersionDate "2021.10.06"]
[SourceQuality "1"]
[WhiteTeam "Ig"]
[BlackTeam "Klinicni Center"]
[WhiteTeamCountry "SLO"]
[BlackTeamCountry "SLO"]

1. d4 d5 2. c4 c6 3. Nc3 Nf6 4. Nf3 Qb6 5. e3 Bg4 6. h3 Bh5 7. g4 Bg6 8. Ne5 e6 9. h4 dxc4 10. Nxc4 Qc7 11. Ne5 Ne4 12. Bg2 Nxc3 13. bxc3 f6 14. Nxg6 hxg6 15. Rb1 Kf7 16. Qa4 Nd7 17. Rxb7 Qxb7 18. Bxc6 Qb1 19. Bxa8 Qxc1+ 20. Ke2 Qb2+ 21. Kf3 Nb6 22. Qxa7+ Be7 23. Be4 f5 24. gxf5 gxf5 25. Bb7 Nc4 26. h5 Nd6 27. Bc6 Qxc3 28. d5 e5 29. Bd7 Qc4 30. Be6+ Kf6 31. Rg1 Rxh5 32. Rxg7 Qe4+ 33. Ke2 Qc2+ 0-1

[Event "EU-ch U18 19th"]
[Site "Fermo"]
[Date "2009.09.01"]
[Round "2"]
[White "Zupec, Jan"]
[Black "Soors, Stef"]
[Result "1-0"]
[WhiteElo "1976"]
[BlackElo "2222"]
[PlyCount "149"]
[EventDate "2009.08.31"]
[EventType "swiss"]
[EventRounds "9"]
[EventCountry "ITA"]
[SourceTitle "CBM 132 Extra"]
[Source "ChessBase"]
[SourceDate "2009.11.03"]
[SourceVersion "1"]
[SourceVersionDate "2009.11.03"]
[SourceQuality "1"]

1. d4 Nf6 2. Bf4 g6 3. Nf3 Bg7 4. h3 d6 5. Nbd2 Nbd7 6. e4 0-0 7. c3 b6 8. Qc2 Bb7 9. Rd1 Qe8 10. Bb5 a6 11. Ba4 b5 12. Bb3 c5 13. Qb1 e5 14. dxe5 dxe5 15. Bh2 Qe7 16. 0-0 Rac8 17. Rfe1 c4 18. Bc2 Nh5 19. Nf1 Bh6 20. Ne3 Bxe3 21. Rxe3 f6 22. b3 Nb6 23. a4 Rfd8 24. a5 cxb3 25. Bxb3+ Nc4 26. Nd2 Kf8 27. Nxc4 bxc4 28. Rxd8+ Qxd8 29. Bd1 Rc7 30. Bxh5 gxh5 31. f4 Rd7 32. Qb4+ Ke8 33. Qxc4 Rg7 34. Rd3 Qc7 35. Qxc7 Rxc7 36. fxe5 fxe5 37. Bxe5 Rd7 38. Bd6 Bxe4 39. Re3 Rxd6 40. Rxe4+ Kd7 41. Re5 Rh6 42. h4 Kd8 43. Rc5 Ke8 44. Kf2 Kf7 45. Ke3 Re6+ 46. Kd4 Kg6 47. Rg5+ Kh6 48. Re5 Rg6 49. c4 Rxg2 50. Re6+ Kg7 51. Kd5 Rg4 52. Re4 Kf6 53. c5 Rxe4 54. Kxe4 Ke6 55. Kd4 Ke7 56. Ke5 Kd7 57. Kd5 Kc7 58. c6 Kd8 59. Kd6 Kc8 60. c7 h6 61. Ke6 Kxc7 62. Kf6 Kd6 63. Kg6 Ke5 64. Kxh6 Kf4 65. Kxh5 Kf5 66. Kh6 Kf6 67. h5 Kf7 68. Kg5 Kg7 69. Kf5 Kh6 70. Ke5 Kxh5 71. Kd5 Kg6 72. Kc6 Kf6 73. Kb6 Ke6 74. Kxa6 Kd7 75. Kb7 1-0

[Event "SLO-chT U20"]
[Site "Nova Gorica"]
[Date "2009.08.27"]
[Round "9"]
[White "Zupec, Jan"]
[Black "Jordan, Marko"]
[Result "0-1"]
[WhiteElo "1976"]
[BlackElo "1559"]
[PlyCount "60"]
[EventDate "2009.08.22"]
[EventType "team-tourn"]
[EventRounds "9"]
[EventCountry "SLO"]
[SourceTitle "CBM 132 Extra"]
[Source "ChessBase"]
[SourceDate "2009.11.03"]
[SourceVersion "1"]
[SourceVersionDate "2009.11.03"]
[SourceQuality "1"]

1. d4 d5 2. Bf4 Nf6 3. e3 e6 4. Nf3 Be7 5. h3 0-0 6. Nbd2 c5 7. c3 b6 8. Bd3 Bb7 9. 0-0 Nc6 10. Qe2 Rc8 11. a3 c4 12. Bc2 Na5 13. e4 dxe4 14. Nxe4 Nd5 15. Bg3 Kh8 16. Ne5 f6 17. Nf3 Re8 18. Rfe1 Qd7 19. Rad1 Kg8 20. Ra1 Kh8 21. Kh1 Kg8 22. Bh2 Kh8 23. Rg1 Bd8 24. Rac1 Bc7 25. Bxc7 Rxc7 26. Ned2 e5 27. Qe4 g6 28. Qh4 Nf4 29. Qxf6+ Kg8 30. Nxe5 Qxh3# 0-1

[Event "SLO-chT U20"]
[Site "Nova Gorica"]
[Date "2009.08.26"]
[Round "7"]
[White "Zupec, Jan"]
[Black "Kroselj, Lucija"]
[Result "1-0"]
[WhiteElo "1976"]
[BlackElo "1500"]
[PlyCount "67"]
[EventDate "2009.08.22"]
[EventType "team-tourn"]
[EventRounds "9"]
[EventCountry "SLO"]
[SourceTitle "CBM 132 Extra"]
[Source "ChessBase"]
[SourceDate "2009.11.03"]
[SourceVersion "1"]
[SourceVersionDate "2009.11.03"]
[SourceQuality "1"]

1. d4 d5 2. Nf3 Nc6 3. Bf4 Nf6 4. e3 Bf5 5. Bb5 a6 6. Ba4 e6 7. Ne5 Rb8 8. Bxc6+ Ke7 9. Ba4 b5 10. Nc6+ Ke8 11. Nxd8 Rxd8 12. Bb3 Rc8 13. a4 Be7 14. axb5 axb5 15. Ra7 c5 16. Nc3 c4 17. Ba2 b4 18. Nb5 Kf8 19. Nd6 Bxd6 20. Bxd6+ Kg8 21. Bxb4 h6 22. c3 Bg6 23. Bb1 Kh7 24. Rxf7 Rhe8 25. g4 Kg8 26. Bxg6 Red8 27. g5 hxg5 28. Rg1 g4 29. Rxg4 Nxg4 30. Qxg4 Ra8 31. Rxg7+ Kxg7 32. Bf5+ Kh8 33. Qh5+ Kg8 34. Qh7# 1-0

[Event "SLO-chT U20"]
[Site "Nova Gorica"]
[Date "2009.08.24"]
[Round "4"]
[White "Brank, Bine"]
[Black "Zupec, Jan"]
[Result "1-0"]
[WhiteElo "1719"]
[BlackElo "1976"]
[PlyCount "48"]
[EventDate "2009.08.22"]
[EventType "team-tourn"]
[EventRounds "9"]
[EventCountry "SLO"]
[SourceTitle "CBM 132 Extra"]
[Source "ChessBase"]
[SourceDate "2009.11.03"]
[SourceVersion "1"]
[SourceVersionDate "2009.11.03"]
[SourceQuality "1"]

1. e4 c6 2. d4 d5 3. e5 c5 4. c3 Nc6 5. Nf3 Bg4 6. Bb5 e6 7. h3 Bxf3 8. Qxf3 cxd4 9. cxd4 Qb6 10. Qd3 Nge7 11. 0-0 a6 12. Ba4 Nf5 13. Rd1 Rc8 14. Nc3 Kd8 15. Nxd5 Qa5 16. Nc3 Nb4 17. Qf3 Kc7 18. a3 Nc6 19. Bxc6 bxc6 20. g4 Ne7 21. Qxf7 Kb8 22. Qxe6 Nd5 23. Nxd5 cxd5 24. Bd2 Qb5 1-0

[Event "Ptuj op"]
[Site "Ptuj"]
[Date "2009.08.04"]
[Round "3"]
[White "Bejatovic, Bojana"]
[Black "Zupec, Jan"]
[Result "1-0"]
[WhiteElo "1809"]
[BlackElo "1976"]
[PlyCount "77"]
[EventDate "2009.08.02"]
[EventType "swiss"]
[EventRounds "9"]
[EventCountry "SLO"]
[SourceTitle "CBM 131 Extra"]
[Source "ChessBase"]
[SourceDate "2009.09.03"]
[SourceVersion "2"]
[SourceVersionDate "2009.09.16"]
[SourceQuality "1"]

1. d4 Nf6 2. Nf3 d5 3. Bg5 c6 4. Nbd2 Qb6 5. Rb1 Bf5 6. e3 h6 7. Bh4 Nbd7 8. Be2 e6 9. Bg3 Rc8 10. 0-0 c5 11. a4 c4 12. Ne5 Nxe5 13. Bxe5 Bb4 14. Nf3 Ke7 15. Nh4 Ne4 16. Nxf5+ exf5 17. c3 f6 18. f3 Ng5 19. Bf4 Bd6 20. Qc2 g6 21. b3 cxb3 22. Rxb3 Qc6 23. Rfb1 b6 24. Bb5 Qc7 25. Ba6 Rce8 26. Bxd6+ Kxd6 27. Qf2 Ke6 28. c4 Kf7 29. c5 Rb8 30. Qb2 Rhe8 31. Bb5 Re6 32. a5 f4 33. axb6 axb6 34. cxb6 Qd6 35. exf4 Qxf4 36. Qc3 Kg8 37. Ba6 Rbe8 38. Bb5 R8e7 39. Qc5 1-0

[Event "SLO-ch qual"]
[Site "Otocec"]
[Date "2009.07.09"]
[Round "5"]
[White "Zupec, Jan"]
[Black "Mejak, Severin"]
[Result "1-0"]
[WhiteElo "1976"]
[BlackElo "1712"]
[PlyCount "47"]
[EventDate "2009.07.07"]
[EventType "swiss"]
[EventRounds "9"]
[EventCountry "SLO"]
[SourceTitle "EXT 2010"]
[Source "ChessBase"]
[SourceDate "2010.11.25"]
[SourceVersion "1"]
[SourceVersionDate "2010.11.25"]
[SourceQuality "1"]

1. d4 Nf6 2. Nf3 c5 3. c3 e6 4. Bg5 b6 5. Nbd2 Be7 6. e4 d6 7. Bd3 h6 8. Bxf6 Bxf6 9. e5 Be7 10. exd6 Qxd6 11. Be4 Nc6 12. Nc4 Qc7 13. Nce5 Bb7 14. Qa4 Rc8 15. dxc5 Bxc5 16. Rd1 Bd6 17. Nc4 Bf4 18. g3 f5 19. gxf4 fxe4 20. Nd6+ Ke7 21. Rg1 Rcg8 22. Nh4 g5 23. Qxe4 Kf6 24. Ne8+ 1-0